Länder die weniger als 6 Buchstaben haben - Statistiken

Allgemein
  • Dieses Quiz wurde 92 mal gespielt
    72 seit der letzten Aktualisierung
  • Das Durchschnittsergebnis liegt bei 17 aus 28
Antwortstatistiken
Hint Antwort % Korrekt
12 Japan
83%
7 Peru
83%
18 China
80%
4 Irak
80%
3 Iran
80%
17 Chile
78%
2 Togo
75%
6 Laos
73%
9 Oman
73%
5 Mali
68%
16 Malta
66%
15 Niger
66%
14 Jemen
64%
27 Polen
64%
8 Kuba
59%
21 Haiti
58%
11 Katar
58%
22 Nepal
58%
19 Benin
56%
10 Kenia
56%
23 Palau
56%
13 Sudan
56%
24 Samoa
54%
25 Tonga
54%
26 Ghana
53%
28 Nauru
53%
20 Gabun
39%
1 Niue
2%
Keine übereinstimmenden Quizze gefunden
Verteilung der Resultate
Anzahl Personen mit jedem Resultat
Perzentil nach korrekt beantworteten Fragen
Ihre Resultats-Entwicklung
Sie haben dieses Quiz seit der letzten Aktualisierung nicht gespielt